| 000 | nam a22 7a 4500 | ||
|---|---|---|---|
| 999 |
_c128469 _d128469 |
||
| 008 | 181101b xxu||||| |||| 00| 0 eng d | ||
| 050 |
_aBX2179.L8 _bE96 |
||
| 100 |
_aLeturia, Juan [et al] _943192 |
||
| 245 |
_aThe exercises for youth _bretreat directors tell how to give them _cJuan Leturia et al... |
||
| 260 |
_aRoma _bCentrum Ignatianum Spiritualitatis _c1978 |
||
| 300 |
_a136p. ; _c24cm. |
||
| 650 |
_aSpiritual exercises _xCriticism _932276 |
||
| 650 |
_aYouth _xSpiritual life _943193 |
||
| 942 |
_2lcc _cMONOGRAPH |
||